Human Resource Management (Record no. 3167)

MARC details
000 -LEADER
fixed length control field 00395nam a22001697a 4500
005 - DATE AND TIME OF LATEST TRANSACTION
control field 20180802151339.0
008 - FIXED-LENGTH DATA ELEMENTS--GENERAL INFORMATION
fixed length control field 160618b xxu||||| |||| 00| 0 eng d
020 ## - INTERNATIONAL STANDARD BOOK NUMBER
ISBN 81-7446-448-6
041 ## - LANGUAGE CODE
Language code of text/sound track or separate title eng
082 ## - DEWEY DECIMAL CLASSIFICATION NUMBER
Item number 8231
Classification number 658.3
100 ## - MAIN ENTRY--AUTHOR NAME
Personal name Rao, V.S.P.
245 ## - TITLE STATEMENT
Title Human Resource Management
260 ## - PUBLICATION, DISTRIBUTION, ETC. (IMPRINT)
Name of publisher Excel book
Year of publication 2010
300 ## - PHYSICAL DESCRIPTION
Number of Pages 691p,
650 ## - SUBJECT ADDED ENTRY--TOPICAL TERM
Topical Term Management
942 ## - ADDED ENTRY ELEMENTS (KOHA)
Koha item type Books
Holdings
Lost status Damaged status Collection code Home library Shelving location Date acquired Cost, normal purchase price Full call number Accession Number Koha item type Current library
    MANAGEMENT JRU Library SHELF-63-A 18/06/2016 350.00 658.3 8231 Books  
    MANAGEMENT JRU Library SHELF-63-A 18/06/2016 350.00 658.3 8232 Books JRU Library
    MANAGEMENT JRU Library SHELF-63-A 18/06/2016 350.00 658.3 8233 Books JRU Library
    MANAGEMENT JRU Library SHELF-63-A 18/06/2016 350.00 658.3 8234 Books  
    MANAGEMENT JRU Library SHELF-63-A 18/06/2016 350.00 658.3 8235 Books  
    MANAGEMENT JRU Library SHELF-63-A 18/06/2016 350.00 658.3 8236 Books  
    Reference JRU Library SHELF-61-B 18/06/2016 350.00 658.3 8237 Books  
    MANAGEMENT JRU Library SHELF-63-A 18/06/2016 350.00 658.3 8238 Books JRU Library
    MANAGEMENT JRU Library SHELF-63-A 18/06/2016 350.00 658.3 8239 Books JRU Library
    MANAGEMENT JRU Library SHELF-63-A 18/06/2016 350.00 658.3 8240 Books